| 000 | 00000nam 2200000za 4500 |
| 001 | 9.816851 |
| 003 | CaOODSP |
| 005 | 20250403105750 |
| 007 | cr ||||||||||| |
| 008 | 160504s1996 onc |o f|0| 0 fre d |
| 020 | |z0-660-94649-1 |
| 040 | |aCaOODSP|bfre |
| 043 | |an-cn--- |
| 086 | 1 |aCS89-547/1996F-PDF |
| 100 | 1 |aNormand, Josée,|d1964- |
| 245 | 13|aUn profil des Métis |h[ressource électronique] : |bprojet des groupes cibles / |cJosée Normand. |
| 260 | |aOttawa : |bStatistique Canada, |c1996. |
| 300 | |a74 p. : |btableaux. |
| 500 | |aPubli. aussi en anglais sous le titre : A profile of the Métis: target groups project. |
| 500 | |aÉdition numérisée de l'imprimé [par Statistique Canada]. |
| 500 | |a« Septembre 1996. » |
| 692 | 07|2gccst|aMétis |
| 710 | 2 |aStatistique Canada. |
| 775 | 08|tA profile of the Métis |w(CaOODSP)9.816849 |
| 856 | 40|qPDF|s14.97 Mo|uhttps://publications.gc.ca/collections/collection_2016/statcan/CS89-547-1996-fra.pdf |